| 000 | 03411cam a22003614a 4500 | ||
|---|---|---|---|
| 999 |
_c7074 _d7074 |
||
| 001 | 12831132 | ||
| 003 | GBCCL | ||
| 005 | 20241126110618.0 | ||
| 008 | 020625s2002 ilu b 001 0 eng | ||
| 010 | _a 2002009836 | ||
| 020 | _a0802408826 | ||
| 040 |
_aDLC _cDLC _dDLC |
||
| 042 | _apcc | ||
| 050 | 0 | 0 |
_aBS2725.53 _b.M33 2002 |
| 082 | 0 | 0 |
_a255.77 _221 _bMAC |
| 100 | 1 |
_aMacArthur, John, _d1939- _91165 |
|
| 245 | 1 | 0 |
_a1 & 2 Thessalonians / _cby John MacArthur, Jr. |
| 246 | 3 | _aFirst and Second Thessalonians | |
| 246 | 3 | _a1st and 2nd Thessalonians | |
| 260 |
_aChicago : _bMoody Press, _cc2002. |
||
| 300 |
_aviii, 351 p. ; _c24 cm. |
||
| 490 | 1 | _aThe MacArthur New Testament commentary | |
| 504 | _aIncludes bibliographical references and indexes. | ||
| 505 | 0 | _aIntroduction to 1 Thessalonians -- Identifying the elect (1 Thessalonians 1:1-10) -- Fail-proof spiritual leadership (1 Thessalonians 2:1-6) -- Parental pictures of spiritual leadership (1 Thessalonians 2:7-12) -- A people to be glad for, and a people to be sad for (1 Thessalonians 2:13-16) -- Out of sight, but not out of mind (1 Thessalonians 2:17-20) -- The pastor's heart (1 Thessalonians 3:1-10) -- A pastoral prayer (1 Thessalonians 3:11-13) -- Excelling still more (1 Thessalonians 4:1-2) -- Abstaining from sexual sin (1 Thessalonians 4:3-8) -- Shoe-leather faith (1 Thessalonians 4:9-12) -- What happens to Christians who die? (1 Thessalonians 4:13-18) -- The day of the Lord (1 Thessalonians 5:1-3) -- Night people/day people (1 Thessalonians 5:4-11) -- Growing a healthy flock. Part 1. The relationship between shepherds and sheep (1 Thessalonians 5:12-13) -- Growing a healthy flock. Part 2. Dealing with the spiritually needy (1 Thessalonians 5:14-15) -- The sheep's responsibilities to the great shepherd. Part 1. Joyfulness, prayerfulness, and thankfulness (1 Thessalonians 5:16-18) -- The sheep's responsibilities to the great shepherd. Part 2. Do not quench the spirit; respond to God's Word; be discerning (1 Thessalonians 5:19-22) -- A prayer for complete sanctification (1 Thessalonians 5:23-24) -- Paul's final requests (1 Thessalonians 5:25-28) -- Introduction to 2 Thessalonians -- A church to be proud of (2 Thessalonians 1:1-5) -- The vengeance of the Lord Jesus (2 Thessalonians 1:6-10) -- Praying for the right things (2 Thessalonians 1:11-12) -- How to be ready for the end times. Part 1. Remember what you know (2 Thessalonians 2:1-5) -- How to be ready for the end times. Part 2. Be strong and courageous (2 Thessalonians 2:6-17) -- What the pastor desires from his people (2 Thessalonians 3:1-5) -- Work : a noble Christian duty (2 Thessalonians 3:6-15) -- A prayer for divine enablement (2 Thessalonians 3:16-18). | |
| 630 | 0 | 0 |
_aBible. _pThessalonians _vCommentaries. _98361 |
| 800 | 1 |
_aMacArthur, John, _d1939- _tMacArthur New Testament commentary. _912401 |
|
| 856 | 4 | 2 |
_3Publisher description _uhttp://www.loc.gov/catdir/enhancements/fy0612/2002009836-d.html |
| 856 | 4 | 1 |
_3Table of contents only _uhttp://www.loc.gov/catdir/enhancements/fy1202/2002009836-t.html |
| 856 | 4 | 2 |
_3Contributor biographical information _uhttp://www.loc.gov/catdir/enhancements/fy1202/2002009836-b.html |
| 906 |
_a7 _bcbc _corignew _d1 _eecip _f20 _gy-gencatlg |
||
| 942 |
_2ddc _cREF |
||